Normal view MARC view
  • Environmental science research ;

Entry Uniform Title

Number of records used in: 2

001 - CONTROL NUMBER

  • control field: 4758

003 - CONTROL NUMBER IDENTIFIER

  • control field: NUST

005 - DATE AND TIME OF LATEST TRANSACTION

  • control field: 20170921151702.0

008 - FIXED-LENGTH DATA ELEMENTS

  • fixed length control field: 170921|| aca||aabn | a|a d

040 ## - CATALOGING SOURCE

  • Original cataloging agency: NUST
  • Transcribing agency: NUST

130 ## - HEADING--UNIFORM TITLE

  • Uniform title: Environmental science research ;
  • Form subdivision: v. 50

670 ## - SOURCE DATA FOUND

  • Source citation: Work cat.: (NUST)0: Biomonitors and biomarkers as indicators of environmental change :, c1995.
© 2023 Central Library, National University of Sciences and Technology. All Rights Reserved.